000 00340nam a2200133Ia 4500
008 240624s9999 xx 000 0 und d
041 _aeng
082 _a658.155 GUP
100 _aGUPTA APARNA
245 _aRISK MANAGEMENT AND SIMULATION
260 _c2014
_aLondon
_bCRC Press
300 _axxix, : 491 : p. : cm. ; 23
365 _cGBP
_b30
999 _c23499
_d23499